|
|
|
|
| LEADER |
00000nam a2200000 4500 |
| 001 |
vtls011786958 |
| 003 |
SK-MaSNL |
| 005 |
20260331211514.0 |
| 008 |
200228s2018 xo a a 000 0 slo |
| 015 |
|
|
|a SNBA2018/11
|
| 020 |
|
|
|a 9788089773183 (brožované)
|
| 035 |
|
|
|a urn:nbn:sk:snk-am00dby3
|
| 035 |
|
|
|a urn:nbn:sk:snk-am3hwz1
|
| 035 |
|
|
|a 8355E356-F351-47C1-AD81-F9FFF925F0B1
|
| 040 |
|
|
|a SNK
|b slo
|c SNK
|e rda
|
| 041 |
1 |
|
|a slo
|h cze
|
| 044 |
|
|
|a xo
|c SK
|
| 072 |
|
7 |
|a 373.2/.3
|x Predškolská a primárna výchova a vzdelávanie
|2 konspekt
|
| 072 |
|
7 |
|a 0/9-053.2
|x Literatúra pre deti a mládež (náučná)
|2 konspekt
|
| 080 |
|
|
|a 373.2
|2 2011
|
| 080 |
|
|
|a 37.032/.035
|2 2011
|
| 080 |
|
|
|a 0/9
|2 2011
|
| 080 |
|
|
|a (0.053.2)
|2 2011
|
| 080 |
|
|
|a (0.026.6)
|2 2011
|
| 080 |
|
|
|a (079.1)
|2 2011
|
| 100 |
1 |
|
|a Drobný, Libor,
|d 1984-
|4 ill
|9 53185
|
| 245 |
1 |
0 |
|a Vejár plný kvízov
|b 100 otázok a odpovedí
|c ilustrácie: Libor Drobný ; autorky otázok: Ivana Vlková a Andrea Löflerová ; preklad: Jana Puškášová
|
| 250 |
|
|
|a 1. vydanie
|
| 264 |
|
1 |
|a Žilina
|b ALBI, s.r.o.
|c [2018]
|
| 300 |
|
|
|a 52 nečíslovaných kariet, to je, 104 strán
|b farebné ilustrácie
|c 18 x 8 cm
|
| 336 |
|
|
|a text
|b txt
|2 rdacontent
|
| 336 |
|
|
|a statický obraz
|b sti
|2 rdacontent
|
| 337 |
|
|
|a bez média
|b n
|2 rdamedia
|
| 338 |
|
|
|a zväzok
|b nc
|2 rdacarrier
|
| 490 |
1 |
|
|a Kvído
|
| 500 |
|
|
|a Dokument má formu kartičiek z tvrdého papiera spojených plastovou otváracou skrutkou do vejára ; uložený v žltej krabičke 18 x 8 x 2 cm
|
| 500 |
|
|
|a Rok vydania podľa NA ISBN
|
| 500 |
|
|
|a Preložené pravdepodobne z češtiny
|
| 521 |
8 |
|
|a Pre deti od 5 rokov
|
| 650 |
0 |
7 |
|a predškolská výchova
|2 SNKPH
|9 3959
|
| 650 |
0 |
7 |
|a osobnostná a sociálna výchova
|2 SNKPH
|9 89855
|
| 650 |
0 |
7 |
|a všeobecné vedomosti
|2 SNKPH
|9 4163
|
| 650 |
0 |
7 |
|a Preschool education
|2 SNKPHeng
|9 267868
|
| 650 |
0 |
7 |
|a Personal and social education
|2 SNKPHeng
|9 324309
|
| 650 |
0 |
7 |
|a General knowledge
|2 SNKPHeng
|9 100175
|
| 655 |
|
7 |
|a publikácie pre deti
|2 SNKPH
|9 70148
|
| 655 |
|
7 |
|a karty
|2 SNKPH
|9 354873
|
| 655 |
|
7 |
|a testy
|2 SNKPH
|9 70500
|
| 655 |
|
7 |
|a Children's literature
|2 SNKPHeng
|9 276039
|
| 655 |
|
7 |
|a Cards
|2 SNKPHeng
|9 354874
|
| 655 |
|
7 |
|a Tests
|2 SNKPHeng
|9 303179
|
| 700 |
1 |
|
|a Vlková, Ivana
|4 aut
|9 354875
|
| 700 |
1 |
|
|a Löflerová, Andrea
|4 aut
|9 354876
|
| 700 |
1 |
|
|a Puškášová, Jana
|4 trl
|9 354877
|
| 830 |
|
0 |
|a Kvído
|9 354878
|
| 919 |
|
|
|a 978-80-89773-18-3
|
| 958 |
|
|
|a DB
|
| 958 |
|
|
|a OP
|
| 968 |
|
|
|b ČES
|
| 999 |
|
|
|c 944005
|d 945935
|
| 952 |
|
|
|a SNK
|b SNK
|y PREZ
|7 0
|p 17A1338186
|o snkOSD 10177
|i snk2018/21758
|8 0
|0 0
|1 0
|4 0
|d 2018-10-23
|f 1
|l 0
|r 2026-02-24 09:28:28
|w 2026-02-24
|
| 952 |
|
|
|a SNK
|b SNK
|y PREZ
|7 0
|p 17A1338187
|o snkOSD 10177 D1
|i snk2018/21760
|8 0
|0 0
|1 0
|4 0
|d 2018-10-23
|l 0
|r 2026-02-24 09:28:28
|w 2026-02-24
|